[Event "Budapest SixDays 08 GM-B"]
[Site "Budapest"]
[Date "2023.07.31"]
[Round "1"]
[White "Liu, Eric"]
[Black "Horvath, Adam"]
[Result "0-1"]
[WhiteElo "2367"]
[BlackElo "2469"]
[PlyCount "108"]
[EventDate "2023.07.31"]
[EventType "tourn"]
[EventRounds "9"]
[EventCountry "HUN"]
[EventCategory "6"]
[SourceTitle "CBM 215 Extra"]
[Source "ChessBase"]
[SourceDate "2023.09.30"]
[SourceVersion "1"]
[SourceVersionDate "2023.09.30"]
[SourceQuality "1"]

1. e4 c5 2. Nc3 e6 3. Nf3 a6 4. d4 cxd4 5. Nxd4 b5 6. Bd3 Qb6 7. Nb3 Qc7 8. Be3 Bb7 9. a3 Nf6 10. Qe2 d5 11. Nd2 Nbd7 12. Bd4 Bc5 13. Bxc5 Nxc5 14. e5 Nfe4 15. Bxe4 Nxe4 16. Ndxe4 dxe4 17. Qh5 h6 18. 0-0-0 g6 19. Qe2 Qxe5 20. Rhe1 f5 21. Qe3 Rc8 22. f3 Rh7 23. fxe4 f4 24. Qb6 Rhc7 25. Kb1 Kf7 26. Rd3 g5 27. Red1 Re7 28. Rd7 Bxe4 29. Qa7 Rce8 30. Rxe7+ Rxe7 31. Rd7 Rxd7 32. Qxd7+ Kg6 33. Qe8+ Kf5 34. h3 Bxg2 35. Qf7+ Qf6 36. Qh7+ Qg6 37. Qd7 g4 38. h4 g3 39. Qd3+ Kf6 40. Qd2 f3 41. Qf4+ Kg7 42. Ne4 f2 43. Qc7+ Kh8 44. Qb8+ Qg8 45. Qe5+ Qg7 46. Qb8+ Kh7 47. Nxg3 Qxg3 48. Qxg3 f1Q+ 49. Ka2 Qc4+ 50. Kb1 Be4 51. Qf2 Qxc2+ 52. Qxc2 Bxc2+ 53. Kxc2 Kg6 54. Kc3 e5 0-1

[Event "Budapest Vezerkepzo GM 07"]
[Site "Budapest"]
[Date "2023.07.26"]
[Round "4"]
[White "Liu, Eric"]
[Black "Alexakis, Dimitris"]
[Result "0-1"]
[WhiteElo "2327"]
[BlackElo "2449"]
[PlyCount "134"]
[EventDate "2023.07.24"]
[EventType "swiss"]
[EventRounds "9"]
[EventCountry "HUN"]
[SourceTitle "EXT 2024"]
[Source "ChessBase"]
[SourceDate "2023.10.10"]
[SourceVersion "1"]
[SourceVersionDate "2023.10.10"]
[SourceQuality "1"]

1. e4 c5 2. Nf3 e6 3. d4 cxd4 4. Nxd4 Nc6 5. Nc3 Qc7 6. Be3 a6 7. Bd3 Ne5 8. Qe2 Ba3 9. Bc1 b5 10. f4 Nxd3+ 11. cxd3 Bb7 12. Be3 Be7 13. 0-0 Nf6 14. Rac1 Qd8 15. g4 h5 16. gxh5 b4 17. Na4 Qa5 18. b3 Qxh5 19. Qxh5 Rxh5 20. Nf3 Ng4 21. Bd4 f5 22. Rce1 Rc8 23. Re2 Nf6 24. Ng5 fxe4 25. dxe4 Rh4 26. Rf3 Rg4+ 27. Kf2 Rxg5 28. Bxf6 Rh5 29. Bxe7 Rxh2+ 30. Ke3 Rxe2+ 31. Kxe2 Kxe7 32. Kd3 Rc1 33. Rg3 Kf7 34. Kd4 Bc6 35. Nc5 a5 36. Nd3 Rd1 37. Ke3 Kf6 38. Rg5 d5 39. Ne5 Be8 40. Ng4+ Kf7 41. Ne5+ Kf8 42. exd5 exd5 43. Rg2 Bb5 44. Nf3 Rd3+ 45. Kf2 Rc3 46. Nd4 Bd3 47. Rg5 Be4 48. Ne6+ Kf7 49. Re5 Rf3+ 50. Ke2 Kf6 51. Nc5 Rxf4 52. Re6+ Kf7 53. Ra6 Bf5 54. Rxa5 g5 55. Na6 g4 56. Nc7 g3 57. Nxd5 Bg4+ 58. Kd2 g2 59. Ra7+ Kf8 60. Nxf4 g1Q 61. Ng6+ Ke8 62. Ra8+ Kd7 63. Ne5+ Kc7 64. Rg8 Qh2+ 65. Kd3 Bf5+ 66. Kd4 Qd2+ 67. Kc4 Be6+ 0-1

[Event "Budapest Vezerkepzo GM 07"]
[Site "Budapest"]
[Date "2023.07.24"]
[Round "1"]
[White "Pribelszky, Bence"]
[Black "Liu, Eric"]
[Result "0-1"]
[WhiteElo "2402"]
[BlackElo "2327"]
[PlyCount "126"]
[EventDate "2023.07.24"]
[EventType "swiss"]
[EventRounds "9"]
[EventCountry "HUN"]
[SourceTitle "EXT 2024"]
[Source "ChessBase"]
[SourceDate "2023.10.10"]
[SourceVersion "1"]
[SourceVersionDate "2023.10.10"]
[SourceQuality "1"]

1. e4 c5 2. Nc3 d6 3. Nge2 a6 4. g3 Nc6 5. d4 cxd4 6. Nxd4 Nf6 7. Bg2 Bd7 8. Nd5 e6 9. Nxf6+ Qxf6 10. Be3 Qd8 11. 0-0 Be7 12. f4 0-0 13. Nf3 b5 14. g4 Rc8 15. g5 d5 16. e5 Na5 17. Rf2 Nb7 18. Bd4 Nc5 19. Nd2 Bc6 20. Rf3 Ne4 21. Rh3 g6 22. Nf1 h5 23. Ne3 Kg7 24. f5 Bxg5 25. Bxe4 dxe4 26. f6+ Kh7 27. Kf2 Bh6 28. c3 Rh8 29. Qe2 b4 30. Qxa6 bxc3 31. bxc3 Bd5 32. Rg3 Rb8 33. Qa3 Qf8 34. Bc5 Qe8 35. c4 Bc6 36. Rgg1 Qd7 37. Rgd1 Qb7 38. Rab1 Qa8 39. Qxa8 Rxa8 40. a3 Bf4 41. Bd6 Ra5 42. Rb6 Rc8 43. Rdb1 Bxe5 44. Bxe5 Rxe5 45. Rb8 Rc7 46. h4 g5 47. hxg5 Rxg5 48. Rf8 Kg6 49. Rbb8 Ra5 50. Nc2 Kxf6 51. Rbc8 Rxc8 52. Rxc8 Bd7 53. Rc7 Ke7 54. Ke3 h4 55. Kf4 Rh5 56. Rb7 h3 57. Rb1 h2 58. Rh1 Rh3 59. c5 e3 60. Nd4 e5+ 61. Kxe5 e2 62. c6 Re3+ 63. Kf4 e1Q 0-1

[Event "Philadelphia op 16th"]
[Site "Philadelphia"]
[Date "2023.06.28"]
[Round "9"]
[White "Cordova, Emilio"]
[Black "Liu, Eric"]
[Result "1/2-1/2"]
[WhiteElo "2543"]
[BlackElo "2230"]
[PlyCount "155"]
[EventDate "2023.06.24"]
[EventType "swiss"]
[EventRounds "9"]
[EventCountry "USA"]
[SourceTitle "CBM 215 Extra"]
[Source "ChessBase"]
[SourceDate "2023.09.30"]
[SourceVersion "1"]
[SourceVersionDate "2023.09.30"]
[SourceQuality "1"]

1. Nf3 Nf6 2. g3 d6 3. d4 Nbd7 4. c4 e5 5. Nc3 c6 6. e4 Qa5 7. Qc2 Be7 8. h3 0-0 9. Be3 d5 10. exd5 exd4 11. Nxd4 cxd5 12. 0-0-0 dxc4 13. Bxc4 a6 14. Rhe1 Ne5 15. Bf1 Nc6 16. Nxc6 bxc6 17. Qa4 Qh5 18. g4 Qh4 19. Bf4 Nd5 20. Nxd5 cxd5 21. Kb1 Be6 22. Bg3 Qh6 23. f4 Bd6 24. Rd4 Rab8 25. Rc1 Qf6 26. g5 Bf5+ 27. Ka1 Qe6 28. Re1 Be4 29. Bg2 Bc5 30. Bxe4 dxe4 31. Rdxe4 Qxh3 32. Qa5 Rbc8 33. Qc3 Bf2 34. Qxc8 Qxc8 35. Bxf2 Qc6 36. Bd4 Rc8 37. Bc3 Rd8 38. a3 h6 39. gxh6 Qxh6 40. Rg1 f6 41. Re7 Rd3 42. f5 Rh3 43. Ka2 Rxc3 44. Rgxg7+ Kf8 45. Ref7+ Ke8 46. Rb7 Qxg7 47. Rxg7 Rc5 48. b4 Rxf5 49. a4 Re5 50. Kb3 Kd8 51. Kc4 Kc8 52. Ra7 Re6 53. Kd5 Rb6 54. Kc5 Re6 55. Rf7 Kb8 56. Rd7 Kc8 57. Rh7 Kb8 58. Kd5 Rb6 59. Rh4 Ka7 60. Re4 Rb7 61. Kd6 Rb6+ 62. Kc5 Rb7 63. Kd6 Rb6+ 64. Kd7 Kb7 65. Rc4 Kb8 66. Rc8+ Kb7 67. Rc7+ Kb8 68. Rc4 Kb7 69. a5 Rb5 70. Ke6 f5 71. Kd6 Kb8 72. Rf4 Kb7 73. Rh4 Kb8 74. Kc6 Ka7 75. Rh7+ Kb8 76. Rh8+ Ka7 77. Rh7+ Kb8 78. Rh8+ 1/2-1/2

[Event "Philadelphia op 16th"]
[Site "Philadelphia"]
[Date "2023.06.24"]
[Round "2"]
[White "Flom, Gabriel"]
[Black "Liu, Eric"]
[Result "1-0"]
[WhiteElo "2442"]
[BlackElo "2230"]
[PlyCount "77"]
[EventDate "2023.06.24"]
[EventType "swiss"]
[EventRounds "9"]
[EventCountry "USA"]
[SourceTitle "CBM 215 Extra"]
[Source "ChessBase"]
[SourceDate "2023.09.30"]
[SourceVersion "1"]
[SourceVersionDate "2023.09.30"]
[SourceQuality "1"]

1. d4 Nf6 2. Nf3 d6 3. Nc3 Bf5 4. Nh4 Bd7 5. e4 e5 6. Nf3 Nc6 7. d5 Ne7 8. Bg5 Ng6 9. h4 h6 10. Bxf6 Qxf6 11. g3 Qd8 12. h5 Ne7 13. Nh4 Ng8 14. Bh3 Bxh3 15. Rxh3 Qd7 16. Rh1 Be7 17. Nf5 Bf6 18. Qf3 Ne7 19. 0-0-0 g6 20. Nxe7 Bxe7 21. Kb1 Bg5 22. Qg2 0-0-0 23. Qh3 Qxh3 24. Rxh3 c5 25. a4 a6 26. Ne2 Rdf8 27. Rdh1 Rfg8 28. f4 Bf6 29. hxg6 Rxg6 30. f5 Rg4 31. Rxh6 Rxh6 32. Rxh6 Bg5 33. Rh8+ Kd7 34. Nc3 Rxg3 35. Rf8 Ke7 36. Rb8 b5 37. axb5 axb5 38. Nxb5 Rg1+ 39. Ka2 1-0

[Event "Las Vegas National op"]
[Site "Las Vegas"]
[Date "2023.06.18"]
[Round "8"]
[White "Liu, Eric"]
[Black "Shlyakhtenko, Robert"]
[Result "1/2-1/2"]
[WhiteElo "2230"]
[BlackElo "2427"]
[PlyCount "197"]
[EventDate "2023.06.14"]
[EventType "swiss"]
[EventRounds "9"]
[EventCountry "USA"]
[SourceTitle "CBM 214 Extra"]
[Source "ChessBase"]
[SourceDate "2023.07.31"]
[SourceVersion "1"]
[SourceVersionDate "2023.07.31"]
[SourceQuality "1"]

1. e4 e6 2. d4 d5 3. e5 c5 4. c3 Nc6 5. Nf3 Qb6 6. a3 c4 7. Nbd2 Na5 8. Rb1 Bd7 9. h4 0-0-0 10. h5 Kb8 11. Qc2 h6 12. b4 cxb3 13. Nxb3 Nxb3 14. Qxb3 Qxb3 15. Rxb3 Ba4 16. Rb1 Ne7 17. Rh3 Nc8 18. Nd2 Bc2 19. Ra1 Be7 20. a4 g5 21. hxg6 fxg6 22. Bd3 Bxd3 23. Rxd3 g5 24. g4 h5 25. gxh5 Rxh5 26. Rg3 Rf8 27. Nf1 Nb6 28. Ba3 Bxa3 29. Rxa3 Nc4 30. Ra2 Rh1 31. Ke2 g4 32. Ne3 Nxe3 33. Kxe3 Rh4 34. Ra1 Rc8 35. Kf4 Rf8+ 36. Ke3 a5 37. Rag1 Rh2 38. Rxg4 Rfxf2 39. Rg6 Rc2 40. Kd3 Rhd2+ 41. Ke3 Re2+ 42. Kf4 Rxc3 43. Rxe6 Rd3 44. Re8+ Ka7 45. Kf5 Rxd4 46. Ke6 Rxe5+ 47. Kxe5 Re4+ 48. Kxd5 Rxe8 49. Kc4 Re3 50. Rg5 Ka6 51. Rg4 Ra3 52. Kc5 Rb3 53. Rh4 b6+ 54. Kd5 Rd3+ 55. Kc4 Ra3 56. Kd5 Rc3 57. Rc4 Rd3+ 58. Rd4 Rb3 59. Rh4 Rb1 60. Rg4 Rd1+ 61. Rd4 Rg1 62. Rh4 Rg5+ 63. Kc4 Rg3 64. Kd5 Rg6 65. Kc4 Kb7 66. Kb5 Rg5+ 67. Kc4 Rc5+ 68. Kb3 Rd5 69. Rh6 Rd3+ 70. Kb2 Kc7 71. Kc2 Rd6 72. Rh4 Kc6 73. Kc3 Rd5 74. Rh6+ Kc5 75. Rh8 Rg5 76. Rc8+ Kd5 77. Rd8+ Kc6 78. Rc8+ Kd7 79. Rh8 Rg3+ 80. Kc4 Rg4+ 81. Kb3 Rb4+ 82. Ka3 Rd4 83. Kb3 Kc7 84. Rh6 Rd3+ 85. Kc4 Ra3 86. Kb5 Rb3+ 87. Ka6 Rb4 88. Rg6 Rb3 89. Rh6 Rb4 90. Rg6 Rxa4 91. Rxb6 Rb4 92. Rh6 a4 93. Ka5 Rd4 94. Kb5 Kb7 95. Rh7+ Kb8 96. Rh8+ Kc7 97. Ra8 Kb7 98. Rxa4 Rxa4 99. Kxa4 1/2-1/2

[Event "Las Vegas National op"]
[Site "Las Vegas"]
[Date "2023.06.17"]
[Round "7"]
[White "Boros, Denes"]
[Black "Liu, Eric"]
[Result "1-0"]
[WhiteElo "2400"]
[BlackElo "2230"]
[PlyCount "57"]
[EventDate "2023.06.14"]
[EventType "swiss"]
[EventRounds "9"]
[EventCountry "USA"]
[SourceTitle "CBM 214 Extra"]
[Source "ChessBase"]
[SourceDate "2023.07.31"]
[SourceVersion "1"]
[SourceVersionDate "2023.07.31"]
[SourceQuality "1"]

1. e4 c5 2. Nf3 d6 3. d4 cxd4 4. Nxd4 Nf6 5. Nc3 a6 6. Bc4 e6 7. Be3 b5 8. Bb3 Be7 9. a3 Bd7 10. g4 h5 11. g5 Ng4 12. g6 Nxe3 13. gxf7+ Kf8 14. fxe3 Qc8 15. Qf3 Nc6 16. Nxc6 Qxc6 17. 0-0-0 Bf6 18. Ne2 Ke7 19. Rd2 Raf8 20. Nf4 Rh6 21. Rhd1 Rxf7 22. Qg2 g5 23. Rxd6 Qxd6 24. Rxd6 Kxd6 25. Nd3 g4 26. Qg3+ Ke7 27. Nc5 Bg5 28. Kb1 Kf6 29. Qd6 1-0

[Event "Las Vegas National op"]
[Site "Las Vegas"]
[Date "2023.06.17"]
[Round "6"]
[White "Liu, Eric"]
[Black "Willow, Jonah B"]
[Result "1-0"]
[WhiteElo "2230"]
[BlackElo "2447"]
[PlyCount "161"]
[EventDate "2023.06.14"]
[EventType "swiss"]
[EventRounds "9"]
[EventCountry "USA"]
[SourceTitle "CBM 214 Extra"]
[Source "ChessBase"]
[SourceDate "2023.07.31"]
[SourceVersion "1"]
[SourceVersionDate "2023.07.31"]
[SourceQuality "1"]

1. e4 c5 2. Nf3 Nc6 3. d4 cxd4 4. Nxd4 Nf6 5. Nc3 e6 6. Ndb5 Bc5 7. Bf4 0-0 8. Bc7 Qe7 9. Bd6 Bxd6 10. Qxd6 Qd8 11. Nc7 Rb8 12. Be2 b5 13. e5 b4 14. exf6 bxc3 15. fxg7 Kxg7 16. b3 Qf6 17. 0-0-0 Bb7 18. Rhf1 Rfc8 19. Kb1 Ne7 20. Na6 Bxa6 21. Bxa6 Rd8 22. Qg3+ Ng6 23. Rd6 Rb4 24. Rfd1 Rf4 25. f3 Qe5 26. Qe1 Kf8 27. Qxe5 Nxe5 28. Be2 Rh4 29. h3 Ke7 30. a3 Rb8 31. g3 Rxh3 32. f4 Ng6 33. Rxd7+ Kf6 34. R1d3 e5 35. f5 e4 36. Rxc3 Rh1+ 37. Kb2 Ne5 38. Rd4 Kxf5 39. Re3 f6 40. Rdxe4 Rg1 41. Rh4 Rb7 42. Bd3+ Kg5 43. Rd4 Rd1 44. Ree4 Rc7 45. Be2 Rg1 46. Re3 Rg2 47. Bd1 Rg1 48. a4 Rb7 49. Kc3 Rc7+ 50. Kd2 Rg2+ 51. Be2 Re7 52. Rd5 Kh6 53. c4 Rg7 54. Rd6 Kg5 55. Kc3 Rc7 56. Rd5 Kh6 57. c5 Rg1 58. b4 a5 59. b5 Rc1+ 60. Kd4 Ra1 61. Rd6 Rxa4+ 62. Kd5 Kg5 63. b6 Re7 64. Rd8 Kh6 65. Kd6 Rb7 66. Rxe5 fxe5 67. Kc6 Rg7 68. b7 Rb4 69. b8Q Rxb8 70. Rxb8 Rxg3 71. Rb6 a4 72. Kb7+ Kg5 73. c6 a3 74. c7 a2 75. c8Q a1Q 76. Qg8+ Kf4 77. Rf6+ Ke4 78. Qxg3 Qb2+ 79. Rb6 Qxe2 80. Qh4+ Kd5 81. Qxh7 1-0